[Event "Kalamazoo op"]
[Site "Kalamazoo"]
[Date "2001.07.28"]
[Round "2"]
[White "Crismore, Jason"]
[Black "Aldrich, Jeff"]
[Result "0-1"]
[WhiteElo "1157"]
[BlackElo "1917"]
[PlyCount "48"]
[EventDate "2001.07.28"]
[EventType "swiss"]
[EventRounds "5"]
[EventCountry "USA"]
[SourceTitle "EXT 2007"]
[Source "ChessBase"]
[SourceDate "2006.11.23"]
[SourceVersion "1"]
[SourceVersionDate "2006.11.23"]
[SourceQuality "1"]

1. d4 d5 2. e3 Nf6 3. Bd3 Bg4 4. Nf3 e6 5. b3 Bd6 6. Bb2 0-0 7. Nbd2 Nbd7 8. Qc1 Rc8 9. c4 c6 10. Ne5 Bh5 11. f4 c5 12. 0-0 Qe7 13. Qe1 Bg6 14. Bxg6 hxg6 15. Qg3 a6 16. Ndf3 Ne4 17. Qh3 Bxe5 18. Nxe5 Nxe5 19. fxe5 cxd4 20. exd4 dxc4 21. a4 c3 22. Ba3 Qd7 23. Rf4 Qxd4+ 24. Kf1 Nd2+ 0-1

[Event "Kalamazoo op"]
[Site "Kalamazoo"]
[Date "2001.07.28"]
[Round "1"]
[White "Spooner, Frank"]
[Black "Crismore, Jason"]
[Result "1-0"]
[WhiteElo "1736"]
[BlackElo "1157"]
[PlyCount "79"]
[EventDate "2001.07.28"]
[EventType "swiss"]
[EventRounds "5"]
[EventCountry "USA"]
[SourceTitle "EXT 2007"]
[Source "ChessBase"]
[SourceDate "2006.11.23"]
[SourceVersion "1"]
[SourceVersionDate "2006.11.23"]
[SourceQuality "1"]

1. Nf3 Nf6 2. b3 g6 3. Bb2 Bg7 4. e3 0-0 5. c4 d6 6. d4 Nc6 7. Be2 e6 8. 0-0 Nd7 9. Nbd2 e5 10. d5 Ne7 11. e4 f5 12. Qc2 Nf6 13. b4 Kh8 14. Bd3 fxe4 15. Nxe4 Nxe4 16. Bxe4 Bf5 17. Rad1 Bxe4 18. Qxe4 Rf4 19. Qe2 Qf8 20. Bc1 Rf5 21. Ng5 Nc8 22. Rd3 Qe7 23. Ne6 c6 24. Rh3 cxd5 25. cxd5 Nb6 26. g4 Rf7 27. Ng5 Bf6 28. Nxf7+ Qxf7 29. Rd1 Nxd5 30. Qc4 Qd7 31. Qxd5 Qxg4+ 32. Rg3 Qxb4 33. Qf7 Bh4 34. Rg2 Rg8 35. Qf3 Kg7 36. Rg4 Bxf2+ 37. Kxf2 Qc5+ 38. Kg2 Qc2+ 39. Kh1 Rf8 40. Bh6+ 1-0